Epistolario entre Carlyle y Emerson / (Record no. 40988)

MARC details
000 -LEADER
campo de control de longitud fija 00881nam a2200241 i 4500
001 - NÚMERO DE CONTROL
campo de control 40988
003 - IDENTIFICADOR DE NÚMERO DE CONTROL
campo de control ES-MaACL
005 - FECHA Y HORA DE LA ÚLTIMA TRANSACCIÓN
campo de control 20251012184445.0
007 - CAMPO FIJO DE DESCRIPCIÓN FÍSICA--INFORMACIÓN GENERAL
campo de control de longitud fija t|
008 - DATOS DE LONGITUD FIJA--INFORMACIÓN GENERAL
campo de control de longitud fija 030307q1918 sp ||||1| spa d
100 0# - ENTRADA PRINCIPAL--NOMBRE DE PERSONA
Nombre de persona Carlyle, Thomas,
Fechas asociadas al nombre 1795-1881
9 (RLIN) 35316
245 10 - MENCIÓN DEL TÍTULO
Título Epistolario entre Carlyle y Emerson /
Mención de responsabilidad, etc. Thomas Carlyle ; traducción por Luis de Terán.
260 ## - PUBLICACIÓN, DISTRIBUCIÓN, ETC.
Lugar de publicación, distribución, etc. Madrid :
Nombre del editor, distribuidor, etc. La España Moderna,
Fecha de publicación, distribución, etc. [1918] (
Fabricante Imp. Tordesillas)
300 ## - DESCRIPCIÓN FÍSICA
Extensión 311 p. ;
Dimensiones 23 cm.
490 1# - MENCIÓN DE SERIE
Mención de serie Biblioteca de jurisprudencia, filosofía e historia
600 04 - PUNTO DE ACCESO ADICIONAL DE MATERIA--NOMBRE DE PERSONA
Nombre de persona Carlyle, Thomas,
Fechas asociadas al nombre 1795-1881
9 (RLIN) 35316
600 14 - PUNTO DE ACCESO ADICIONAL DE MATERIA--NOMBRE DE PERSONA
Nombre de persona Emerson, Ralph Waldo,
Fechas asociadas al nombre 1803-1882
9 (RLIN) 47147
700 1# - ENTRADA AGREGADA--NOMBRE PERSONAL
Nombre de persona Emerson, Ralph Waldo,
Fechas asociadas al nombre 1803-1882
9 (RLIN) 47147
700 1# - ENTRADA AGREGADA--NOMBRE PERSONAL
Nombre de persona Terán, Luis de,
Fechas asociadas al nombre 1864-1935
9 (RLIN) 109725
830 10 - PUNTO DE ACCESO ADICIONAL DE SERIE-TÍTULO UNIFORME
Título uniforme Biblioteca de jurisprudencia, filosofía e historia
9 (RLIN) 180691
852 ## - LOCALIZACIÓN
Ubicación ES-MaACL
Número de control de estantería F-14760
Holdings
Estatus retirado Estado de pérdida Estado de daño No para préstamo Biblioteca de origen Biblioteca actual Ubicación en estantería Fecha de adquisición Fuente de adquisición Total de préstamos Signatura topográfica completa Código de barras Visto por última vez Precio de reemplazo Tipo de ítem Koha
        Biblioteca del Ateneo de Madrid Biblioteca del Ateneo de Madrid Sala Pecera Planta 2 17/01/2008     F-14760 1043154 23/02/2023 23/02/2023 Libro impreso